| 000 | 00477nam a22001937a 4500 | ||
|---|---|---|---|
| 003 | OSt | ||
| 005 | 20180116183024.0 | ||
| 008 | 151202b xxu||||| |||| 00| 0 eng d | ||
| 020 | _a034021323 | ||
| 040 | _c0 | ||
| 082 | _a813.54 SAM 1975 | ||
| 100 | _aAnthony Sampson | ||
| 245 |
_aThe Seven Sisters _cAnthony Sampson |
||
| 260 |
_aNew York _bCoronet Book _c1975 |
||
| 300 |
_a364 p. _bPB. |
||
| 440 | _aThe Seven Sisters | ||
| 600 | _aAnthony Sampson | ||
| 942 |
_2ddc _cBK |
||
| 999 |
_c350694 _d350694 |
||